UBT Library

Çfarë ishte roli i RTK-së në trazirat e masrsit 2004 ? (Record no. 455)

000 -LEADER
fixed length control field 00444nam a22001697a 4500
008 - FIXED-LENGTH DATA ELEMENTS--GENERAL INFORMATION
fixed length control field 140521b xxu||||| |||| 00| 0 alb d
020 ## - INTERNATIONAL STANDARD BOOK NUMBER
International Standard Book Number .
041 0# - LANGUAGE CODE
Language code of text/sound track or separate title alb
080 ## - UNIVERSAL DECIMAL CLASSIFICATION NUMBER
Universal Decimal Classification number 654.17
100 ## - Rafti
Rafti Beqaj, Belul
245 10 - TITLE STATEMENT
Title Çfarë ishte roli i RTK-së në trazirat e masrsit 2004 ?
Statement of responsibility, etc Belul Beqaj,
300 ## -
-- 134 f.:
-- 25 cm.
500 ## -
-- Parathënie: f. 5-6
650 #0 -
-- Transmetimi i emisioneve
650 #0 -
-- Televizioni
942 ## - ADDED ENTRY ELEMENTS (KOHA)
Source of classification or shelving scheme
Item type Books
Holdings
Withdrawn status Lost status Source of classification or shelving scheme Damaged status Not for loan Collection code Permanent location Current location Shelving location Date acquired Total Checkouts Full call number Barcode Date last seen Koha item type
          Koleksioni i përgjithshem UBT - Prishtine UBT - Prishtine Koleksioni i përgjithshem 05/21/2014   654.17 BEQ 001-000560 05/21/2014 Books
UBT Library © 2015-2024. All rights reserved University Education for Business and Technology